Na pamjatku Stefana Pju

Bibliographic Details
Main Author: Magocsi, Paul Robert, 1945- (Author)
Other Authors: Zozuľák, Alexander, 1953- (Photographer)
Format: Article
Language:Ukrainian
PhysicalDescription:Fotogr.
ISSN:1339-5483
Subjects:
Online Access:http://narodny-novynky.presov.sk
http://www. rusynacademy.sk

MARC

LEADER 00000cab a2200000 a 4500
001 vtls010584141
003 SK-MaSNL
005 20260318121641.0
008 140319c2014 xo br p 000 c0ukr
015 |a SNBRB2014/013 
038 |a SVKPOCL 
040 |a SVKPOCL  |b slo  |c SVKPOCL  |d SVKPOCL  |e AACR2 
041 0 |a ukr 
044 |a xo  |c SK 
080 |a 80(=16)+908(4)  |2 2001 
080 |a 80(=161.2)+908(437.6)  |2 2001 
080 |a 81'1-051  |2 2001 
080 |a 811.161.25  |2 2001 
080 |a 929 Pugh, Stefan  |2 2001 
100 1 |a Magocsi, Paul Robert,  |d 1945-  |4 aut  |9 107071 
245 1 0 |a Na pamjatku Stefana Pju  |c Pavel Robert Magočij ; fotka: A. Z. 
300 |b Fotogr. 
600 1 7 |a Pugh, Stefan,  |d 1956-2013  |2 svkpocl  |9 1276240 
650 0 7 |a lingvisti  |2 svkpocl  |9 119182 
650 0 7 |a slavistika  |2 svkpocl  |9 4282 
650 0 7 |a rusinistika  |2 svkpocl  |9 90871 
650 0 7 |a rusínčina  |2 svkpocl  |9 51510 
650 0 7 |a osobnosti  |2 svkpocl  |9 29820 
651 7 |a Dayton (Ohio)  |2 svkpocl  |9 133150 
655 7 |a nekrológy  |2 svkpocl  |9 402542 
655 7 |a články z novín a časopisov  |2 svkpocl  |9 267496 
700 1 |a Zozuľák, Alexander,  |d 1953-  |4 pht  |9 103738 
773 0 |t Rusyn  |g Roč. XXIV, č. 1 (2014), s. 14-15  |x 1339-5483 
852 |a SVKPO  |b KIS3GCP 
856 4 1 |u http://narodny-novynky.presov.sk 
856 4 1 |u http://www. rusynacademy.sk 
958 |a RN 
958 |a UK 
958 |a SK 
958 |a BC 
958 |a US 
958 |a SS 
999 |c 3237565  |d 3239495